[Event "EOBCC TOP16 2020"]
[Site "Online"]
[Date "2020.12.19"]
[Round "1.1"]
[White "Wojtaszek, Radoslaw"]
[Black "Meier, Georg"]
[Result "1/2-1/2"]
[WhiteElo "2705"]
[BlackElo "2628"]
[Annotator "TA"]
[PlyCount "97"]
[EventDate "2020.12.18"]
[EventType "k.o."]
[EventCountry "NET"]
[SourceTitle "playchess.com"]
[Source "ChessBase"]
[SourceQuality "1"]

{[%evp 22,97,56,28,32,30,39,31,50,28,34,31,47,40,52,43,51,35,38,12,11,6,33,16,34,17,16,12,24,22,31,12,31,30,30,5,14,0,20,0,45,26,91,33,35,33,26,19,22,15,13,7,0,0,15,0,41,15,28,26,20,26,25,8,29,16,26,24,28,14,44,10,18,0,30,0,22,0]} 1. c4 c5 2. Nf3 Nf6 3. d4 cxd4 4. Nxd4 b6 5. Nc3 Bb7 6. f3 d6 7. e4 a6 8. Be3 e6 9. Be2 Be7 10. O-O O-O 11. Qd2 Nbd7 12. a4 Rb8 {12...Qb8 is setting a new trend. A31: Symmetrical English: 2 Nf3 Nf6 3 d4.} 13. Rfd1 Qc7 14. Rac1 {[#]} Rfc8 $146 {White is slightly better.} ({Predecessor:} 14... Rbc8 15. Bf1 Qb8 16. Qf2 Rfe8 17. g3 Bf8 18. b3 Nc5 19. Bh3 Ncd7 20. Rc2 Rc7 {0-1 (70) Lu,S (2203)-Li,S (2505) China 2008}) 15. Bf1 h6 16. Kh1 Qd8 17. b3 Qc7 18. Qf2 Qd8 19. Rd2 Qf8 20. Rdc2 Ne5 21. Rd1 Ned7 22. Ra1 Qd8 23. Qd2 Ne5 24. Bg1 Ned7 25. Qe3 Ne5 26. Rca2 Nc6 (26... Nfd7 {with more complications.} 27. Rd1 Nc5 28. Be2 Bf6 29. Qc1 Ng6) 27. Nxc6 Bxc6 28. Rd2 Nd7 29. Rad1 Qc7 30. Qd3 Bb7 31. Bf2 Bg5 {[#]} (31... Rd8 $11) 32. Ra2 (32. Bg3 $1 $16 {[%cal Rg3d6]} e5 33. Ra2) 32... Be7 33. Bg3 {[%cal Rg3d6]} Ne5 34. Qb1 Rd8 35. Rad2 Rbc8 36. Qc2 Bf6 37. Bf4 Be7 38. Be3 Nd7 39. Qb1 Ne5 40. Qa2 Bf8 41. Ne2 Be7 42. Nd4 Bf8 43. Qb2 Be7 44. Be2 Bf6 45. Qb1 Be7 46. Bf1 Bf6 47. Be2 Be7 48. Bf1 Bf6 49. Be2 {Weighted Error Value: White=0.13/Black=0.12} 1/2-1/2

[Event "EOBCC TOP16 2020"]
[Site "Online"]
[Date "2020.12.19"]
[Round "1.1"]
[White "Bluebaum, Matthias"]
[Black "Onischuk, Vladimir"]
[Result "1/2-1/2"]
[WhiteElo "2672"]
[BlackElo "2633"]
[Annotator "TA"]
[PlyCount "174"]
[EventDate "2020.12.18"]
[EventType "k.o."]
[EventCountry "NET"]
[SourceTitle "playchess.com"]
[Source "ChessBase"]
[SourceQuality "1"]

{[%evp 10,174,43,37,55,37,39,32,50,48,65,31,29,28,40,52,40,28,80,67,91,91,121,116,207,191,216,160,140,145,167,162,166,168,162,149,179,171,159,165,159,161,159,127,132,113,110,111,114,99,100,100,115,99,202,183,186,199,199,199,199,181,179,170,175,153,158,98,106,96,115,84,184,178,233,210,202,151,302,265,439,301,301,301,283,200,222,193,342,434,433,435,425,425,412,0,135,0,383,364,343,356,410,410,410,385,323,315,724,696,629,283,629,620,6075,6004,5728,4788,5608,5525,5217,4937,4550,3057,5102,677,4731,0,29972,29971,29971,0,0,0,0,0,0,0,0,0,0,0,0,0,0,0,0,0,0,0,0,0,0,0,0,0,0,0,0,0,0,0,0,0,0,0,0]} 1. d4 d6 2. Nf3 g6 3. c4 Bg7 4. Nc3 Nf6 5. e4 O-O 6. h3 (6. Be2 Nbd7 7. O-O e5 8. Be3 c6 9. Qc2 Qe7 10. Rad1 Re8 11. d5 c5 12. Ne1 Rf8 13. Nd3 Ne8 14. Qd2 Nb6 15. b3 f5 16. exf5 gxf5 17. f4 e4 18. Ne1 Nf6 {1-0 (56) Bluebaum,M (2647)-Onischuk,V (2633) chess.com INT 2020}) 6... Nfd7 {E90: King's Indian: Classical: Early deviations and 6 h3.} 7. Be2 e5 8. Be3 Nc6 {White is slightly better.} 9. d5 Ne7 10. Nd2 f5 11. f3 f4 12. Bf2 {[#]} c5 $146 ({Predecessor:} 12... Nf6 13. b4 g5 14. c5 Ng6 15. Nc4 Rf7 16. cxd6 cxd6 17. Nb5 Bf8 18. Nxa7 Nh5 19. Nxc8 Rxc8 {1-0 (31) Paterek,M (2257)-Kedzierski,S (2108) Poland 2012}) 13. dxc6 Nxc6 (13... bxc6 $11 14. b4 Nf6) 14. Nb3 $16 Nf6 15. c5 Be6 16. cxd6 b6 (16... Kh8 $16 17. Nc5 Bf7) 17. Rc1 $1 $18 Qd7 18. Nb5 {Threatens to win with Nc7.} Ne8 19. Bc4 Bxc4 20. Rxc4 {Qd5+ is the strong threat.} Nd4 21. N5xd4 exd4 22. Bxd4 Qxd6 23. Bxg7 Qxd1+ 24. Kxd1 Nxg7 25. Ke2 Ne6 26. Nd4 Rac8 27. Nxe6 Rxc4 28. Nxf8 Kxf8 $16 {[%mdl 4096] Endgame KR-KR} 29. Rd1 Ke7 30. Kd3 Rc5 31. Rd2 Rc6 {[#]} (31... Rc1 $16) 32. Rc2 $1 $18 {[%cal Rc2c6]} Rd6+ 33. Ke2 Rd7 34. Rc6 Kf7 35. h4 Ke7 36. e5 Rd5 37. Rc7+ Ke6 38. Rxh7 (38. Rxa7 $142 Rxe5+ 39. Kd3) 38... Rxe5+ $16 39. Kd3 Rd5+ 40. Kc3 a5 (40... Rc5+ $16 41. Kd3 Rd5+ 42. Ke4 Rd2) 41. Rb7 $18 b5 (41... Rd6 $142 42. b4 axb4+ 43. Kxb4 Ke5) 42. a3 Kf6 43. Ra7 a4 $2 (43... b4+ $16 44. Kc4 (44. axb4 axb4+ 45. Kc2 Re5 $16) 44... Rd2) 44. Rb7 Kf5 $2 (44... Rc5+ {was necessary.} 45. Kd4 Rc4+ 46. Kd3 Rc5) 45. Rf7+ Ke5 {If only Black now had time for ...Rc5+....} 46. Re7+ Kf6 47. Re4 Kf5 48. Re2 Rc5+ (48... Kf6 {might work better.} 49. Re4 g5 50. hxg5+ Kxg5) 49. Kb4 Rd5 50. Rc2 {Black must now prevent Rc5!} Kf6 51. Rc6+ Kf7 52. Rc2 $2 (52. Rb6 $18 {has better winning chances.}) 52... Kf6 $1 $16 53. Rc6+ $2 (53. Ka5 $16) 53... Kf7 $1 $18 54. Rc5 Rd2 55. Kxb5 ({Not} 55. Rxb5 Rxb2+ 56. Kxa4 Rxg2 $18) 55... Rxb2+ 56. Kxa4 Rxg2 57. Rc4 Ke6 58. Rxf4 Rf2 $2 (58... g5 59. hxg5 Rxg5) 59. Kb5 Ke5 60. Rf8 (60. Rc4 $142) 60... Rh2 $2 (60... Rb2+ 61. Kc4 Rh2) 61. a4 {Cut Off at move 61} Rxh4 62. a5 Rh1 63. a6 Rb1+ 64. Kc6 Ra1 65. Kb7 Rb1+ 66. Ka8 g5 67. a7 (67. Rb8 $142 Rh1 68. a7) 67... Rb3 {Black hopes to continue with ...Kd6.} 68. Rf7 $2 (68. Rg8 $18 Kd6 69. Rxg5) 68... Ke6 $2 {[%mdl 8192]} (68... Kd6 $11) 69. Rb7 Rxf3 {[#]} 70. Rb6+ $2 (70. Rb5 $1 {mates} Rf8+ 71. Kb7 Kf6 72. a8=Q Rxa8 73. Kxa8 Kg6 74. Kb7 Kh5 75. Kc6) 70... Ke5 $11 {The position is equal.} 71. Kb7 (71. Rb5+ {with more complications.} Kf4 72. Rb1 g4 73. Kb8 Ra3 74. Rf1+) 71... Rf7+ 72. Ka6 Rxa7+ $1 73. Kxa7 {KR-KP} g4 74. Rg6 Kf4 75. Kb6 g3 76. Kc5 Kf3 77. Rf6+ Ke2 78. Re6+ Kf2 79. Rf6+ Ke2 80. Rg6 Kf2 81. Kd4 g2 82. Rf6+ Ke2 83. Re6+ Kf2 84. Rf6+ Ke2 85. Rg6 Kf2 86. Kd3 g1=Q 87. Rxg1 Kxg1 {Black escapes into a draw.  Weighted Error Value: White=0.31/Black=0.27} 1/2-1/2

[Event "EOBCC TOP16 2020"]
[Site "Online"]
[Date "2020.12.19"]
[Round "1.1"]
[White "Jones, Gawain C B"]
[Black "Deac, Bogdan-Daniel"]
[Result "1-0"]
[WhiteElo "2670"]
[BlackElo "2625"]
[Annotator "TA"]
[PlyCount "151"]
[EventDate "2020.12.18"]
[EventType "k.o."]
[EventCountry "NET"]
[SourceTitle "playchess.com"]
[Source "ChessBase"]
[SourceQuality "1"]

{[%evp 23,151,16,13,0,0,-3,0,0,0,0,0,0,7,8,45,62,50,45,47,49,52,34,120,106,112,109,107,108,152,98,94,94,94,94,108,102,102,102,107,102,107,102,102,82,82,82,82,82,82,82,82,82,82,82,82,82,82,82,82,82,82,82,82,82,82,82,82,82,82,0,82,82,150,82,82,82,82,0,82,82,82,-29977,89,0,0,0,82,0,82,82,82,82,82,82,82,82,82,82,29968,29966,12823,77,29974,0,0,0,0,0,0,0,0,0,0,0,29971,29972,29975,29976,29976,29977,29978,29979,29980,29981,29982,29983,29983,29983,29983,29984]} 1. Nf3 d5 2. g3 Nf6 3. Bg2 e6 4. O-O Be7 5. c4 O-O 6. b3 b6 7. Bb2 Bb7 8. cxd5 Nxd5 9. d4 Nd7 10. Nbd2 c5 11. Rc1 Rc8 12. Nc4 N5f6 13. Re1 {A14: English Opening: 1...e6 with b3 by White.} b5 14. Nce5 Nxe5 15. Nxe5 {The position is equal.} Bxg2 16. Kxg2 Qd5+ 17. f3 Rfd8 {[#]} 18. dxc5 $146 ({Predecessor:} 18. e4 Qb7 19. Qe2 cxd4 20. Rxc8 Rxc8 21. Bxd4 Nd7 22. Rd1 Nxe5 23. Bxe5 {1-0 (54) Yuffa,D (2527)-Dubov,D (2666) Sochi 2017}) 18... Rxc5 19. Qxd5 Rdxd5 20. Nd3 Rxc1 21. Rxc1 a5 22. Rc7 Bf8 (22... Rd7 $14 23. Rc1 Rd8) 23. Ra7 $16 b4 24. Ra8 Nd7 25. Bc1 Nc5 26. Rxa5 (26. Nf4 $142 Rd7 27. Rxa5) 26... Nxd3 27. Rxd5 exd5 28. exd3 {[%mdl 4096] Endgame KB-KB} f5 29. g4 fxg4 30. fxg4 Kf7 31. Kf3 Ke6 32. Bb2 g6 33. Kf4 Bd6+ 34. Kg5 Bxh2 35. Kh6 Be5 36. Bc1 Bd6 37. Kxh7 Kf7 38. Kh6 Be7 39. Bd2 Bd6 40. Kg5 Be7+ 41. Kf4 {Black must now prevent Ke5.} Bd6+ 42. Kf3 Ke6 43. Be3 Be7 44. Bd4 Bd6 45. Ke2 Be7 46. Kf3 Bd6 47. Ke3 Be7 (47... Kf7 $142) 48. Kf4 (48. Ba7 $142 $1) 48... Bd6+ 49. Kg5 Kf7 50. Bf6 ({Better is} 50. Be3 $16) 50... Bc5 (50... Bf4+ $1 $11 {remains equal.} 51. Kxf4 Kxf6 52. g5+ Ke6) 51. Be5 Be3+ 52. Bf4 $2 {[%mdl 8192]} (52. Kh4 $16) 52... Bc5 $2 (52... d4 53. Kh4 Bxf4 54. Kh3 Kf6 55. Kg2 Kg5 56. Kf3 Be3 57. Kg3 Bd2 58. Kf3 Kh4 59. Ke4 Bc3 60. Kd5 Kxg4 61. Kd6 g5 62. Ke6 Kf4 63. Ke7 g4 64. Kf7 g3 65. Ke6 g2 66. Kd5 g1=Q 67. Kd6 Qg7 68. Kc6 Ke5 69. Kb5 Kd6 70. Kb6 Qc7+ 71. Kb5 Qb7+ 72. Ka5 Kc5 73. Ka4 Qb5#) 53. Bd2 Be7+ 54. Kf4 Bd6+ $1 55. Kf3 Ke6 56. Be1 Bc5 57. Bg3 Be7 58. Ke2 Bc5 59. Bf4 Be7 60. Kd1 Bd6 $2 {[%mdl 8192] [#]} (60... Bc5 $16) 61. Bxd6 $1 {Cut Off at move 61} Kxd6 {KP-KP} 62. d4 $2 (62. Kc1 $18 {is the precise move to win.} Kc5 63. Kc2) 62... Ke6 $2 {[%mdl 8192]} (62... g5 $16 63. Kc2 Kc6) 63. Ke2 $2 (63. Kc2 {mates} Kd6 64. Kb2 Kd7 65. g5 Kc6 66. a4 bxa3+ 67. Kxa3 Kb5 68. b4) 63... Kf6 $1 $11 64. Kf3 Kf7 65. Kg3 Kg7 66. Kf4 Kf6 67. Kf3 Kf7 68. Ke3 {Strongly threatening Kd3.} Ke7 $2 {[%mdl 8192]} (68... Kf6 $11) 69. Kd2 {White mates.} Kf6 70. a4 bxa3 {K3P-K3P} 71. Kc2 Kg5 {[#]} 72. b4 $1 {[%cal Rb4b5]} Kf6 73. Kb3 Ke6 74. Kxa3 Kd6 75. Ka4 Kc6 76. Ka5 {What a fight!  Weighted Error Value: White=0.29/Black=0.35} 1-0

[Event "EOBCC TOP16 2020"]
[Site "Online"]
[Date "2020.12.19"]
[Round "1.1"]
[White "Shirov, Alexei"]
[Black "Demidov, Mikhail"]
[Result "1/2-1/2"]
[WhiteElo "2662"]
[BlackElo "2526"]
[Annotator "TA"]
[PlyCount "145"]
[EventDate "2020.12.18"]
[EventType "k.o."]
[EventCountry "NET"]
[SourceTitle "playchess.com"]
[Source "ChessBase"]
[SourceQuality "1"]

{[%evp 9,145,12,10,5,25,12,21,18,23,19,4,-2,18,-5,-15,-33,-27,-31,-9,-6,0,0,0,0,0,0,21,13,32,37,34,18,16,0,24,0,7,-39,33,0,19,0,0,0,0,0,0,0,0,0,34,34,34,0,34,0,0,0,0,0,17,22,32,7,19,0,0,0,8,8,34,34,34,34,34,34,43,34,43,34,34,0,34,34,43,34,34,34,34,34,34,34,43,34,34,34,34,34,34,0,34,34,34,34,34,34,34,34,34,34,34,34,34,34,34,34,34,34,34,34,34,34,34,34,34,34,34,34,34,34,34,34,34,34,34,0,34,0]} 1. e4 e6 2. d4 d5 3. e5 c5 4. c3 Ne7 5. Nf3 Nec6 6. h4 {C02: French: Advance Variation.} (6. Bd3 b6 7. O-O a5 8. a4 Ba6 9. Bb5 Be7 10. Na3 O-O 11. Be3 cxd4 12. cxd4 Nb4 13. Rc1 Ra7 14. Qe2 Rc7 15. Bxa6 N8xa6 {1-0 (60) Shirov,A (2643)-Demidov,M (2520) St Petersburg 2018}) 6... b6 {[#]} 7. Bg5 $146 ({Predecessor:} 7. h5 Be7 8. Rh3 O-O 9. Rg3 Kh8 10. Ng5 h6 11. Nh3 Ba6 12. Qg4 Rg8 13. Nd2 Bxf1 14. Kxf1 {½-½ (30) Prie,E (2490)-Sharif,M (2481) France 2001}) 7... Qd7 8. Bb5 {The position is equal.} Ba6 9. a4 h6 10. Be3 Be7 11. Nbd2 cxd4 12. cxd4 Bxb5 13. axb5 Nb4 14. Qa4 a5 15. O-O O-O 16. Rfc1 Rc8 17. Rc3 Ra7 18. Nf1 {[%cal Bd2f1,Bf1e3,Be3g4][%mdl 32]} Rac7 19. Bd2 Qd8 20. h5 Nd7 21. Ne3 Nf8 22. Ng4 Nh7 23. Rac1 Bf8 ({Better is} 23... Nd3 $1 $15 24. Rxc7 Rxc7 25. Rxc7 Qxc7) 24. g3 Qd7 25. Kg2 Nd3 26. Rxc7 Rxc7 27. Rxc7 Qxc7 28. Qb3 Nb4 29. Ne3 Be7 30. Bxb4 Bxb4 31. Qd3 Qc1 (31... Ng5 {is interesting.} 32. Nxg5 hxg5 33. Qd1 Qd7 34. Qe2 Qe8) 32. b3 (32. Qc2 {feels hotter.} Qxc2 33. Nxc2 Be7 34. Nfe1 Nf8 35. f4) 32... Qc3 33. Qxc3 Bxc3 $11 {[%mdl 4096] Endgame KBN-KNN} 34. Kf1 Nf8 35. Ke2 Bb4 36. Nc2 Be7 37. Nd2 g6 38. g4 Kg7 39. f4 gxh5 40. gxh5 f6 41. Nf3 f5 42. Nfe1 Bd8 43. Nd3 Nd7 44. Ne3 Be7 45. Nc2 Kf7 46. Kf3 Bd8 47. Nc1 Be7 48. Na2 Bf8 49. Nc3 Be7 50. Na4 Bd8 51. Ne1 Be7 52. Ng2 Bd8 53. Ne3 Be7 54. Nc2 Bf8 55. Ke3 Be7 56. Kd3 Ke8 57. Kc3 Kd8 58. b4 axb4+ 59. Nxb4 Bxb4+ 60. Kxb4 $14 {KN-KN} Kc7 61. Nc3 {Cut Off at move 61} Kd8 62. Ne2 Nf8 63. Nc1 Kd7 64. Kc3 Kc7 65. Nd3 Kd7 66. Nb4 Kc7 67. Nc6 Kd7 68. Kd3 Nh7 69. Ke3 Nf8 70. Kf3 Nh7 71. Kg3 Nf8 72. Kf3 Nh7 73. Ke3 {Weighted Error Value: White=0.08/Black=0.10} 1/2-1/2

[Event "EOBCC TOP16 2020"]
[Site "Online"]
[Date "2020.12.19"]
[Round "1.1"]
[White "Indjic, Aleksandar"]
[Black "Ozen, Deniz"]
[Result "1-0"]
[WhiteElo "2604"]
[BlackElo "2412"]
[Annotator "TA"]
[PlyCount "103"]
[EventDate "2020.12.18"]
[EventType "k.o."]
[EventCountry "NET"]
[SourceTitle "playchess.com"]
[Source "ChessBase"]
[SourceQuality "1"]

{[%evp 9,103,-33,-25,-36,-4,-36,-23,-27,-26,-24,0,-3,14,6,0,0,0,-8,28,33,35,29,31,33,22,19,36,36,22,20,47,43,53,60,60,67,69,46,62,41,75,45,80,62,100,56,110,110,156,158,163,166,143,161,206,108,392,379,383,377,360,367,396,395,397,384,452,446,441,453,576,568,578,527,575,541,1066,1161,1128,1121,1763,1762,29978,29979,29984,29985,12842,12843,29986,29987,29993,29986,29986,29986,29986,29985]} 1. Nf3 d5 2. d3 Nf6 3. c4 dxc4 4. Qa4+ Nc6 5. Qxc4 e5 {[#]} 6. Nbd2 $146 {A06: Réti Opening: 1 Nf3 d5.} ({Predecessor:} 6. g3 Bd6 7. Bg2 O-O 8. O-O Be6 9. Qc2 Qd7 10. Nc3 Bh3 11. Be3 Bxg2 12. Kxg2 {0-1 (40) Markoja,B (2430)-Stevic,H (2587) Skopje 2018}) 6... Be7 7. g3 (7. e3 {is more complex.} Be6 8. Qc2 Qd5 9. a3 O-O 10. Be2) 7... O-O 8. Bg2 {Black has an edge.} Be6 9. Qc2 h6 10. O-O Qd7 11. a3 Bh3 12. b4 Bxg2 13. Kxg2 a6 14. Bb2 Bd6 15. Rac1 Rfe8 16. e4 Rad8 17. Rfd1 Nh5 18. h3 Nf6 19. Nc4 Qe6 20. Ne3 (20. Rb1 {is interesting.} Nd7 21. Ne3 Nf6 22. Bc3 Qd7 23. Qb3) 20... Ne7 21. Qc4 Qxc4 22. Nxc4 {Black must now prevent d4.} Nc6 23. Kf1 Rd7 24. Ke2 Rde7 25. Rc2 g6 26. Rdc1 Nd7 27. Ne3 {[%cal Bc4e3,Be3g4,Bg4e5][%mdl 32]} Nb6 (27... f6 $14) 28. Ng4 $16 Kg7 29. Rxc6 bxc6 {[#]} 30. Nfxe5 $1 Bxe5 ({Don't play} 30... Rxe5 31. f4 $18) 31. Nxe5 Kh7 ({Don't go for} 31... Rxe5 $2 32. f4 $18) 32. Ng4 ({But not} 32. Rxc6 Na4 $16) ({Better is} 32. Nxc6 $18 Re6 33. f4) 32... Re6 $2 {[%mdl 8192] This move loses the game for Black.} (32... Nd7 $16) 33. Nf6+ $18 Rxf6 34. Bxf6 {[%mdl 4096] Endgame KRB-KRN} Re6 35. Bd4 Nd7 36. f4 f5 37. Ke3 Kg8 38. g4 Kf7 39. Rg1 fxe4 40. dxe4 Re8 41. f5 g5 42. Rc1 Nb8 43. e5 Ke7 44. e6 Rd8 45. Rd1 Rd5 46. Bc5+ Kf6 47. Rxd5 cxd5 48. Kd4 Nc6+ 49. Kxd5 {White mates.} Nd8 50. Bd4+ Ke7 51. f6+ Ke8 52. Bc5 {Weighted Error Value: White=0.10/Black=0.60} 1-0

[Event "EOBCC TOP16 2020"]
[Site "Online"]
[Date "2020.12.19"]
[Round "1.1"]
[White "Safarli, Eltaj"]
[Black "Navara, David"]
[Result "1-0"]
[WhiteElo "2598"]
[BlackElo "2697"]
[Annotator "TA"]
[PlyCount "81"]
[EventDate "2020.12.18"]
[EventType "k.o."]
[EventCountry "NET"]
[SourceTitle "playchess.com"]
[Source "ChessBase"]
[SourceQuality "1"]

{[%evp 12,81,0,-4,0,0,0,0,0,-11,0,0,0,0,0,0,0,0,0,-39,-52,-44,-36,-85,0,-71,0,0,0,0,8,16,8,7,7,0,0,0,0,0,0,0,0,0,2,-46,-20,-83,-32,-157,-151,-425,-301,-381,779,672,544,352,513,504,501,499,469,447,5269,3203,5846,4941,29995,941,29957,12850]} 1. e4 e5 2. Nf3 Nc6 3. Bb5 Nf6 4. O-O Nxe4 5. d4 Nd6 6. dxe5 Nxb5 7. a4 Nbd4 {C67: Ruy Lopez: Berlin Defence: 4 0-0 Nxe4.} 8. Nxd4 d5 9. Nxc6 bxc6 {The position is equal.} 10. Nd2 $1 {[%mdl 4] outshines the older 10.Qd3.} Be7 11. Nb3 c5 12. Na5 Qd7 13. f4 {[#]} O-O $146 ({Predecessor:} 13... f5 14. exf6 Bxf6 15. Re1+ Kf7 16. Be3 d4 17. Qf3 c6 18. Bf2 Qd5 19. Nxc6 Qxf3 20. gxf3 {1-0 (28) Guseinov,G (2611)-Pashikian,A (2639) Khanty-Mansiysk 2010}) 14. f5 Re8 $1 15. f6 Bf8 $1 16. fxg7 Bxg7 17. Ra3 Ba6 ({Of course not} 17... Rxe5 $6 18. Rg3 $11) (17... Bxe5 $17 18. c4 Rb8) 18. c4 (18. Rg3 $1 $11 Qe6 19. Re1 (19. Rf6 $2 Qxe5 20. Rxa6 Qe1+ 21. Qxe1 Rxe1+ 22. Kf2 Rxc1 $19)) 18... Rxe5 (18... Bxe5 $17 19. Rh3 f6) 19. Rg3 $11 {aiming for Bh6.} Kh8 {[#]} 20. b4 $1 {[%cal Rb4b5][%mdl 512]} Rae8 (20... cxb4 21. Bb2) 21. b5 Bc8 22. Nc6 Rf5 23. Rxf5 Qxf5 24. cxd5 Bd7 {next ...Bxc6 is good for Black.} 25. Rf3 $40 {[%mdl 128] White mounts an attack.} Qe4 {...Bg4 is the strong threat.} 26. Re3 Qc4 {White must now prevent ...Bxc6.} 27. Rxe8+ Bxe8 28. Qe1 Bd7 29. Be3 (29. h3 $11 {keeps the balance.}) 29... Qxa4 (29... Qxd5 $17 30. Nxa7 c4) 30. Bf2 (30. Qf1 $15) 30... Qxb5 $17 31. Qe7 $2 (31. Ne5 $17) 31... Qb1+ $19 32. Be1 {Threatening mate with Qd8+.} Bd4+ $4 {[%mdl 8192]} (32... h5 $19 33. h4 {[#]} Be6 $1 {[%mdl 512]} 34. dxe6 Qxe1+ {[%mdl 64] Double Attack} 35. Kh2 Qxe6 36. Qxc5 f5) 33. Nxd4 $18 {[%cal Re7f8]} Kg7 34. Qg5+ Kf8 (34... Qg6 $142 35. Qe5+ Qf6 36. Qg3+ Qg6) 35. Qd8+ Be8 {[%cal Rb1e1]} 36. Nf3 Qe4 37. Qxc7 Qe3+ (37... Qxd5 $142 38. Bh4 f6 39. Qxh7 Qd1+ 40. Kf2 Qd6 41. Qxa7 c4) 38. Bf2 Qc1+ 39. Ne1 c4 40. d6 (40. Qd6+ $142 Kg7 41. Bd4+ Kg8 42. Qg3+ Qg5 43. Qxg5+ Kf8 44. Bc5#) 40... Qd2 41. Qe7+ {Weighted Error Value: White=0.41/Black=0.62} 1-0

[Event "EOBCC TOP16 2020"]
[Site "Online"]
[Date "2020.12.19"]
[Round "1.1"]
[White "Pantsulaia, Levan"]
[Black "Yilmaz, Mustafa"]
[Result "1-0"]
[WhiteElo "2553"]
[BlackElo "2630"]
[Annotator "TA"]
[PlyCount "115"]
[EventDate "2020.12.18"]
[EventType "k.o."]
[EventCountry "NET"]
[SourceTitle "playchess.com"]
[Source "ChessBase"]
[SourceQuality "1"]

{[%evp 16,115,0,-19,-18,-39,0,0,0,0,-9,-24,0,-10,0,-8,35,22,25,26,32,22,28,16,20,0,0,-8,0,-35,-21,-28,-39,-126,-7,-34,0,0,-11,-126,-126,-126,0,-15,-8,-117,0,0,0,0,4,5,5,8,14,14,43,43,42,14,33,15,35,31,42,0,0,0,54,0,0,0,128,125,125,128,1131,1077,1012,987,1193,1160,12840,12840,12841,12841,12841,12842,12843,12843,12844,12844,12845,12846,12846,12847,12847,12847,12849,12849,12850,12850]} 1. g3 d5 2. Bg2 e5 3. c4 d4 4. d3 c5 5. Nf3 Nc6 6. O-O Nf6 7. e3 Be7 8. exd4 exd4 9. Re1 O-O {A09: Réti Opening: 1 Nf3 d5 2 c4.} 10. Na3 Bf5 11. Ne5 Nxe5 {The position is equal.} 12. Rxe5 Bg4 {[#]} 13. Qa4 $146 ({Predecessor:} 13. Qb3 Rb8 14. Bg5 Be6 15. Rae1 Bd6 16. R5e2 a6 17. h3 h6 18. Bxf6 Qxf6 19. Qb6 {0-1 (53) Blalock,R (2203)-Santos,C (2420) Lisbon 2002}) 13... Bd6 14. Re1 Bd7 15. Qb3 Rb8 (15... Bc6 {looks sharper.}) 16. Nb5 Bxb5 17. Qxb5 h6 18. Bd2 ({But not} 18. Bxb7 $2 Qc7 $19) 18... a6 19. Qa4 Qc8 20. Rac1 Qf5 21. Qb3 b5 22. cxb5 axb5 23. Qc2 Ng4 24. Ba5 {[#]} (24. Rf1 $15) 24... Ne5 (24... b4 $1 $17 25. Bh3 h5) 25. Be4 Nf3+ 26. Bxf3 Qxf3 27. Qe2 (27. b4 $1 $11 {remains equal.}) 27... Qxe2 $17 28. Rxe2 {[#]} Ra8 (28... b4 $1 $17 29. a3 bxa3 30. bxa3 Rb5) 29. Bb6 Rfc8 {And now ...Ra6 would win.} 30. b4 (30. Rec2 $1 $11 {keeps the balance.}) 30... cxb4 (30... c4 $17 31. Rd1 Bxb4 32. dxc4 bxc4 33. Bxd4 c3) 31. Rxc8+ $11 Rxc8 32. Bxd4 $17 {[%mdl 4096] Endgame KRB-KRB} Kf8 33. Kg2 Ra8 34. Kf3 Ra3 35. Ke4 b3 36. axb3 $1 Rxb3 37. Rc2 {Black should prevent Rc8+.} f6 38. Rc6 Be7 39. Rb6 Kf7 40. Rb7 {Strongly threatening Bc5.} Ke6 41. Rb6+ (41. Ke3 $11) 41... Kf7 $14 42. f4 (42. Be3 $14) 42... g6 $11 43. g4 Ra3 (43... Rb4 $11) 44. Rb7 $16 Ra4 45. Kd5 {aiming for Bc5.} Ra8 $2 {[%mdl 8192] Black cannot hold the game after this.} (45... Ke8 $16) 46. Bc5 $18 {White is clearly winning.} Rd8+ 47. Ke4 Re8 48. f5 Kf8 49. Rxe7 Rxe7+ 50. Bxe7+ Kxe7 51. fxg6 {KP-KP} b4 52. Kd4 Kf8 53. Kc4 h5 54. gxh5 {Threatening mate with d4.} f5 55. Kxb4 {White wants to mate with h6.} f4 56. Kc3 {White threatens h6 and mate.} f3 57. Kd2 f2 58. Ke2 {Weighted Error Value: White=0.21/Black=0.28} 1-0

[Event "EOBCC TOP16 2020"]
[Site "Online"]
[Date "2020.12.19"]
[Round "1.2"]
[White "Navara, David"]
[Black "Safarli, Eltaj"]
[Result "1-0"]
[WhiteElo "2697"]
[BlackElo "2598"]
[Annotator "TA"]
[PlyCount "79"]
[EventDate "2020.12.18"]
[EventType "k.o."]
[EventCountry "NET"]
[SourceTitle "playchess.com"]
[Source "ChessBase"]
[SourceQuality "1"]

{[%evp 22,79,39,32,68,65,66,41,51,42,65,50,70,17,49,49,52,47,54,58,49,49,58,12,17,0,0,-44,-53,-124,124,125,118,120,117,117,136,141,134,136,127,140,231,231,218,198,231,231,518,505,485,531,509,326,326,326,326,326,304,296]} 1. c4 Nf6 2. Nf3 c5 3. Nc3 e6 4. g3 d5 5. cxd5 Nxd5 6. Bg2 Nc6 7. O-O Be7 8. d4 O-O 9. e4 Nb6 10. d5 exd5 11. exd5 Nb4 12. Ne1 Nc4 {D41: Queen's Gambit Declined: Semi-Tarrasch with 5 cxd5.} 13. a3 Na6 14. Nd3 Nd6 {[#] White is slightly better.} 15. Re1 $146 ({Predecessor:} 15. Ne5 Bf6 16. Re1 Re8 17. f4 c4 18. Be3 Bxe5 19. fxe5 Rxe5 20. Qd4 Qe7 21. Bf2 {½-½ (55) Kamble,V (2374)-Negi,P (2514) New Delhi 2007}) 15... Bf5 16. Bf4 Bf6 17. Ne5 (17. Qf3 $14 Bg6 18. Ne5) 17... c4 18. g4 Bg6 19. Nxg6 hxg6 20. Bxd6 Qxd6 21. Ne4 Qf4 22. Nxf6+ Qxf6 23. Qa4 Rac8 24. Rac1 Qxb2 25. d6 (25. Bf1 $15) 25... Qd4 $2 (25... Nc5 $17 26. Qc2 Qxc2 27. Rxc2 b5) 26. d7 $36 {[%mdl 2048] Keeping Black busy.} Rcd8 {[#]} 27. Red1 $1 {[%cal Rd1d4]} ({Of course not} 27. Bxb7 $6 Qxg4+ 28. Bg2 Nb8 $11) ({But not} 27. Qxc4 $6 Qxd7 28. h3 Rc8 $11) 27... Qxg4 {Black wants to play ...Nc5.} 28. Qxc4 Qxc4 29. Rxc4 b6 30. Ra4 Nc5 31. Rxa7 f5 (31... Rb8 $16 {was necessary.} 32. Re1 g5) 32. Bd5+ $18 Kh7 33. Bc6 g5 34. Rd6 g6 $2 (34... Kg8 35. Rd5 Kf7 36. Rxf5+ {[%mdl 64] Double Attack} Ke6) 35. Bb5 Kg7 {If only Black now had time for ...Rf6....} 36. Rxb6 Rf7 37. Rc7 Nxd7 {White has a decisive advantage.} 38. Rbb7 {[%cal Rc7d7]} Ne5 39. Rxf7+ {[%mdl 64] [#] Overworked Piece} Nxf7 40. Bc4 {Weighted Error Value: White=0.18/Black=0.46} 1-0